| 000 | 00477nam a22001697a 4500 | ||
|---|---|---|---|
| 999 |
_c164134 _d164134 |
||
| 005 | 20190511124409.0 | ||
| 010 | _aA-751610 | ||
| 020 |
_a0140513248 _c100.00 |
||
| 035 | _aB-751610 | ||
| 037 | _bPengun Books. | ||
| 082 | _a780.954 | ||
| 100 | _aMenon, Raghava R. | ||
| 245 |
_aThe penguin dictionary of indian classical music / _cRaghava R. Menon |
||
| 260 |
_aIndia _bPengun Books. _c1995 |
||
| 300 |
_a171p _c20cm (hbk) |
||
| 942 |
_2ddc _cEN _h80.954 _mMEN |
||